Firmy a kapitálový trh

Z obsahu prílohy: Svet firiem. Severoslovenské celulózky a papierne pripravujú kapitálové vstupy do papierenských podnikov v Chorvátsku a na Ukrajine. V DMD Holdingu sa ráta so vstupom nových akcionárov. BCP Bratislava. RM-Systém Slovakia. SCP SR Bratislava. Investori veria najmä maďarskému a českém...

Description complète

Enregistré dans:
Détails bibliographiques
Format: Chapitre de livre
Langue:slovaque
Sujets:
Tags: Ajouter un tag
Pas de tags, Soyez le premier à ajouter un tag!

MARC

LEADER 00000naa a2200000 4500
001 r025628
005 20230921080522.3
041 0 |a slo 
044 |a SK 
245 1 0 |a Firmy a kapitálový trh 
520 |a Z obsahu prílohy: Svet firiem. Severoslovenské celulózky a papierne pripravujú kapitálové vstupy do papierenských podnikov v Chorvátsku a na Ukrajine. V DMD Holdingu sa ráta so vstupom nových akcionárov. BCP Bratislava. RM-Systém Slovakia. SCP SR Bratislava. Investori veria najmä maďarskému a českému trhu. Komodity na svetových trhoch - zlato, striebro, farebné kovy, ropa. 
610 2 0 |a firmy 
610 2 0 |a trh kapitálový 
610 2 0 |a papiere cenné 
610 2 0 |a BCP Bratislava 
610 2 0 |a RM-Systém Slovakia 
610 2 0 |a SCP SR Bratislava 
610 2 0 |a banky 
610 2 0 |a trh devízový 
610 2 0 |a komodity 
610 2 0 |a zlato 
610 2 0 |a striebro 
610 2 0 |a kovy farebné 
610 2 0 |a ropa 
610 2 0 |a Slovensko 
610 2 0 |a akcie 
610 2 0 |a akcionári 
610 2 0 |a investori 
610 2 0 |a Maďarsko 
610 2 0 |a Česko